Statistics for FIFA 22 Top 100 Players

Click here to take the quiz!

General Stats

  • This quiz has been taken 108 times
  • The average score is 81 of 100

Answer Stats

ClubPositionOverallPlayer% Correct
Paris Saint-GermainST91Kylian Mbappé
100%
Paris Saint-GermainRW93Lionel Messi
100%
Manchester UnitedST91Cristiano Ronaldo
98%
Paris Saint-GermainLW91Neymar Jr.
98%
Borussia DortmundST88Erling Haaland
96%
Tottenham HotspurST90Harry Kane
96%
FC Bayern MünchenST92Robert Lewandowski
96%
Manchester CityCM91Kevin De Bruyne
95%
LiverpoolRW89Mohamed Salah
95%
LiverpoolCB89Virgil van Dijk
95%
LiverpoolGK89Alisson
94%
Paris Saint-GermainGK89Gianluigi Donnarumma
93%
Tottenham HotspurLM89Heung-Min Son
93%
FC Bayern MünchenGK90Manuel Neuer
93%
Manchester CityGK89Ederson
91%
Atlético MadridGK91Jan Oblak
91%
Paris Saint-GermainGK88Keylor Navas
91%
ChelseaCDM90N'Golo Kanté
91%
ChelseaST88Romelu Lukaku
91%
LiverpoolLW89Sadio Mané
91%
LiverpoolRB87Trent Alexander-Arnold
91%
Manchester UnitedCAM88Bruno Fernandes
90%
Real MadridCDM89Casemiro
90%
FC BarcelonaGK90Marc-André ter Stegen
90%
Manchester CityLW88Raheem Sterling
90%
Leicester CityST86Jamie Vardy
89%
Real MadridCF89Karim Benzema
89%
Manchester CityCB87Rúben Dias
89%
FC Bayern MünchenCAM87Thomas Müller
89%
LiverpoolLB87Andrew Robertson
88%
Manchester CityCAM86Bernardo Silva
88%
Atlético MadridST88Luis Suárez
88%
Paris Saint-GermainCM87Marco Verratti
88%
Paris Saint-GermainCB88Sergio Ramos
88%
Tottenham HotspurGK87Hugo Lloris
87%
FC Bayern MünchenCDM89Joshua Kimmich
87%
Real MadridCM87Luka Modrić
87%
ChelseaCB85Thiago Silva
87%
Real Madrid
GK89Thibaut Courtois
87%
Paris Saint-GermainRW87Ángel Di María
85%
FC BarcelonaCM87Frenkie de Jong
85%
Manchester UnitedRM87Jadon Sancho
85%
Paris Saint-GermainCB87Marquinhos
85%
Real Madrid
CM88Toni Kroos
85%
Real SociedadCAM85David Silva
84%
Atlético MadridST85Antoine Griezmann
83%
FC Bayern MünchenCM87Leon Goretzka
83%
LazioST87Ciro Immobile
82%
LiverpoolCDM86Fabinho
82%
FC BarcelonaLB86Jordi Alba
82%
Manchester UnitedLM85Marcus Rashford
82%
JuventusCF87Paulo Dybala
82%
Manchester UnitedCM87Paul Pogba
82%
Paris Saint-GermainRB85Achraf Hakimi
80%
Manchester CityRB86João Cancelo
80%
Borussia DortmundCB86Mats Hummels
79%
Manchester CityRW86Riyad Mahrez
79%
LiverpoolCM86Thiago
79%
Manchester CityCDM86Rodri
78%
Manchester CityCB86Aymeric Laporte
77%
JuventusCB86Giorgio Chiellini
77%
FC Bayern MünchenLM86Kingsley Coman
77%
Manchester CityRB85Kyle Walker
77%
LiverpoolCF85Roberto Firmino
77%
FC BarcelonaCDM86Sergio Busquets
77%
NapoliCB86Kalidou Koulibaly
76%
InterST85Lautaro Martínez
76%
Borussia DortmundCAM85Marco Reus
76%
ArsenalST85Pierre-Emerick Aubameyang
76%
Manchester UnitedCB86Raphaël Varane
76%
FC Bayern MünchenRM85Serge Gnabry
74%
JuventusCB85Matthijs de Ligt
73%
InterGK86Samir Handanovič
73%
Manchester UnitedST85Edinson Cavani
72%
ChelseaCAM84Kai Havertz
72%
Atlético MadridCM85Koke
71%
JuventusCB85Leonardo Bonucci
71%
FC BarcelonaCF85Memphis Depay
71%
Manchester CityCAM84Phil Foden
71%
Borussia MönchengladbachGK85Yann Sommer
71%
Manchester CityCM85İlkay Gündoğan
70%
ChelseaCM85Jorginho
70%
Leicester CityGK85Kasper Schmeichel
70%
InterCB86Milan Škriniar
70%
Real MadridRB85Carvajal
68%
Villarreal CFST86Gerard Moreno
68%
Real SociedadLW85Oyarzabal
68%
Villarreal CFCM86Parejo
68%
Leicester CityCDM85Wilfried Ndidi
68%
JuventusGK87Wojciech Szczęsny
68%
Atlético MadridCM86Marcos Llorente
67%
MilanLB84Théo Hernández
67%
FC BarcelonaST87Sergio Agüero
66%
Real MadridLW85Eden Hazard
65%
NapoliLW86Lorenzo Insigne
65%
LazioCM85Sergej Milinković-Savić
65%
InterCB85Stefan de Vrij
59%
Sevilla FCCAM85Alejandro Gómez
56%
VfL WolfsburgGK86Koen Casteels
56%
RB LeipzigGK85Péter Gulácsi
56%

Score Distribution

Percentile by Number Answered

Percent of People with Each Score

Your Score History

You have not taken this quiz